LEADER 01168nam a2200265 4500 001 000000350591 003 CaOOAMICUS 005 20220621144456.0 008 220621s2021 it 000 u ita r 020 $a978-88-290-0520-8 040 $aSeMil$bita 100 1 $aBricchi, Mariarosa.$0(OLS)http://semarc/name/116027 245 10$aManzoni prosatore :$bun percorso linguistico /$cMariarosa Bricchi. 264 1$aRoma :$bCarocci,$c2021. 300 $a247 p. ;$c22 cm 490 1 $aStudi superiori. Lingua e letteratura italiana ;$v1270 650 4$aManzoni, Alessandro <1785-1873> - Lingua.$0(OLS)http://semarc/subject/21058 650 4$aManzoni, Alessandro <1785-1873> - Opere - Studi.$0(OLS)http://semarc/subject/5723 830 0$aStudi superiori ;$v1270.$0(OLS)http://semarc/title/11925 850 $aSeMil 852 $aSeMil$W1$xVenegono$y1$m1O II 287$j233280$B241600$CSeMilBibl$Z2$F241600 $81 996 $6020$a978-88-290-0520-8$9(OLS)http://semarc/number/296091 996 $6245$aManzoni prosatore :$bun percorso linguistico$9(OLS)http://semarc/title/440377 996 $6264$aRoma :$bCarocci$9(OLS)http://semarc/publisher/31977 LEADER 01227nam a2200289 i 4500 001 000000114956 003 CaOOAMICUS 005 20030507000000.0 008 030507s1987 it u000 u ita u 013 $a87644 020 $a2-85040-060-2 040 $aSeMil$bita 100 1 $aJohn : de Taizé .$0(OLS)http://semarc/name/48041 240 13$aLe chemin du Christ.$0(OLS)http://semarc/title/168191 245 13$aLa via di Cristo :$bil pellegrinaggio della fede nel Nuovo Testamento /$cFrère John di Taizé. 260 $aPadova :$bMessaggero,$c1987. 300 $a220 p. ;$c21 cm. 500 $aFondo Card. C.M. Martini. 650 4$aBibbia. Nuovo Testamento - Introduzioni.$0(OLS)http://semarc/subject/1733 650 4$aBibbia - NT - Fede.$0(OLS)http://semarc/subject/20989 850 $aSeMil 852 $aSeMil$W1$xVenegono$y1$m2Z IV 81$j70497$B70497$CSeMilBibl$Z2$F85972 $81 941 1 $a4 961 $aOmaggio: Martini Card. Carlo Maria 996 $6020$a2-85040-060-2$9(OLS)http://semarc/number/98506 996 $6245$aLa via di Cristo :$bil pellegrinaggio della fede nel Nuovo Testamento$9(OLS)http://semarc/title/168190 996 $6260$aPadova :$bMessaggero$9(OLS)http://semarc/publisher/29786